000
00302nam a22001337a 4500
008
170728b xxu||||| |||| 00| 0 eng d
020
_a
021011481-X
041
_a
eng
080
_a
004
100
_a
31
101
_a
SHK
245
_a
ADA FOR EXPERIENCED PROGRAMMERS
_c
HABERMANN,A.N
942
_2
udc
_c
BK
999
_c
22089
_d
22089